Paesi per Bandiere Confinanti #2 - Statistics

Statistiche generali
  • Questo quiz è stato fatto 4.329 volte
  • Il punteggio medio è 14 su 20
Statistiche sulle risposte
Bandiere Paese % Corretto
Portogallo
99%
Città del Vaticano | San Marino
87%
Corea del Sud
83%
Estonia
81%
Monaco
79%
Finlandia
76%
Liechtenstein
76%
Moldavia
76%
Lussemburgo
74%
Marocco
72%
Messico
68%
Bhutan | Nepal
67%
Pakistan
67%
Cile
63%
Suriname
63%
Yemen | Emirati Arabi Uniti
61%
Vietnam
54%
Papua Nuova Guinea | Timor Est
48%
Repubblica Dominicana
47%
Burundi
35%
Nessun quiz corrispondente trovato
Distribuzione punteggi
Percentuale di utenti per punteggio
Percentile per numero di risposta
I tuoi punteggi nel tempo
Non hai fatto questo quiz